MARC details
| 000 -CABECERA |
| campo de control de longitud fija |
03266cam a22003378i 4500 |
| 001 - NÚMERO DE CONTROL |
| campo de control |
23672276 |
| 005 - FECHA Y HORA DE LA ÚLTIMA TRANSACCIÓN |
| campo de control |
20250929115704.0 |
| 008 - DATOS DE LONGITUD FIJA--INFORMACIÓN GENERAL |
| campo de control de longitud fija |
240503s2024 enk b 001 0 eng |
| 010 ## - NÚMERO DE CONTROL DE LA BIBLIOTECA DEL CONGRESO |
| Número de control de LC |
2024019489 |
| 020 ## - NÚMERO INTERNACIONAL ESTÁNDAR DEL LIBRO |
| Número Internacional Estándar del Libro |
9781009524520 |
| Información calificativa |
(hardback) |
| 020 ## - NÚMERO INTERNACIONAL ESTÁNDAR DEL LIBRO |
| Número Internacional Estándar del Libro |
9781009524568 |
| Información calificativa |
(paperback) |
| 040 ## - FUENTE DE LA CATALOGACIÓN |
| Centro catalogador/agencia de origen |
DLC |
| Lengua de catalogación |
eng |
| Normas de descripción |
rda |
| Centro/agencia transcriptor |
DLC |
| Centro/agencia modificador |
DLC |
| 041 ## - CÓDIGO DE LENGUA |
| Código de lengua del texto/banda sonora o título independiente |
eng |
| 042 ## - CÃDIGO DE AUTENTICACIÃN |
| Código de autenticación |
pcc |
| 043 ## - CÓDIGO DE ÁREA GEOGRÁFICA |
| Código de área geográfica |
aw----- |
| 050 00 - SIGNATURA TOPOGRÁFICA DE LA BIBLIOTECA DEL CONGRESO |
| Número de clasificación |
DS62 |
| Número de documento/Ítem |
.P388 2024 |
| 100 ## - ENTRADA PRINCIPAL--NOMBRE DE PERSONA |
| Nombre de persona |
Pétriat, Philippe, |
| Fechas asociadas al nombre |
1985- |
| Término indicativo de función/relación |
author. |
| 245 14 - MENCIÓN DE TÍTULO |
| Título |
The last caravan |
| Resto del título |
: camels, traders and markets in the Middle East |
| Mención de responsabilidad, etc. |
/ Philippe Pétriat, Université de Paris I. |
| 264 #1 - PRODUCCIÓN, PUBLICACIÓN, DISTRIBUCIÓN, FABRICACIÓN Y COPYRIGHT |
| Producción, publicación, distribución, fabricación y copyright |
Cambridge ; |
| -- |
New York : |
| Nombre del de productor, editor, distribuidor, fabricante |
Cambridge University Press, |
| Fecha de producción, publicación, distribución, fabricación o copyright |
2024. |
| 300 ## - DESCRIPCIÓN FÍSICA |
| Extensión |
306 pages |
| 504 ## - NOTA DE BIBLIOGRAFÍA, ETC. |
| Nota de bibliografía, etc. |
Includes bibliographical references and index. |
| 505 0# - NOTA DE CONTENIDO CON FORMATO |
| Nota de contenido con formato |
What we mean when we talk about the cultural landscape —<br/>Using brands as landmarks for mapping the cultural landscape —<br/>Brand capital, perspective, and power —<br/>The role of gender —<br/>Case Study – Gender – Virgin Atlantic and Bud Light —<br/>The importance of authenticity —<br/>Brand activism as power dynamic —<br/>Case Study – Activism – Kate Spade Change Please —<br/>Ownership as power —<br/>The transience of power in the cultural landscape —<br/>Case Study – Shifting power – Skype, Burberry, and Old Spice —<br/>TLDR – the application to industry. |
| 520 ## - SUMARIO, ETC. |
| Sumario, etc. |
What can travelling camels tell us about the history of the interior of the Middle East? In this innovative book Philippe Pétriat demonstrates how caravans - groups of travellers, often on trade expeditions, journeying together for mutual protection in hostile regions - are essential to understanding the history of the inside territories of the Ottoman Empire with its neighbours. From the first use of camels in transport, through to the decline of the caravan from the 1930s onwards, Pétriat reconstructs the land routes of these travellers through vast steppes and deserts in captivating detail. Moving discussions of the political economy of the Ottoman and post-Ottoman Middle East beyond analysis of the coastal regions and maritime exchanges with Western countries, The Last Caravan instead reveals the pivotal importance of the Ottoman and Arab merchants in the suburbs of the cities and the rural markets and the travelling nomads and the animals that supported them.<br/><br/>Provides a comprehensive history of the Middle East that does not focus on cities and coastal regions and instead on travel routes through the deserts —<br/>Connects the Ottoman and the post-Ottoman history of the region and emphasizes its connections to neighbouring regions such as African Sahara and Eurasian steppes, both de-exceptionalizing the history of the Middle East, and providing the connected features of its history —<br/>Provides a fresh understanding of the nomadic peoples of the Middle-East interior, and their pivotal impact on the economy of the region. |
| Fuente proveedora |
Provided by publisher. |
| 650 #0 - PUNTO DE ACCESO ADICIONAL DE MATERIA--TÉRMINO DE MATERIA |
| Término de materia o nombre geográfico como elemento de entrada |
Caravans |
| Subdivisión geográfica |
Middle East |
| Subdivisión general |
History. |
| 651 #0 - PUNTO DE ACCESO ADICIONAL DE MATERIA--NOMBRE GEOGRÁFICO |
| Nombre geográfico |
Middle East |
| Subdivisión general |
Commerce |
| -- |
History. |
| 651 #0 - PUNTO DE ACCESO ADICIONAL DE MATERIA--NOMBRE GEOGRÁFICO |
| Nombre geográfico |
Middle East |
| Subdivisión general |
Economic conditions. |
| 651 #0 - PUNTO DE ACCESO ADICIONAL DE MATERIA--NOMBRE GEOGRÁFICO |
| Nombre geográfico |
Middle East |
| Subdivisión general |
Politics and government. |
| 651 #0 - PUNTO DE ACCESO ADICIONAL DE MATERIA--NOMBRE GEOGRÁFICO |
| Nombre geográfico |
Middle East |
| Subdivisión general |
History. |
| 942 ## - ELEMENTOS DE ENTRADA AGREGADA (KOHA) |
| Fuente del sistema de clasificación o colocación |
Clasificación de Library of Congress |